| 000 | 00778nam a2200205Ia 4500 | ||
|---|---|---|---|
| 003 | GCL | ||
| 008 | 140319s9999 xx 000 0 ara d | ||
| 040 |
_aGCL / _cGCL |
||
| 082 | 0 | 4 |
_a189.1 _bم م |
| 100 | 1 | _aمصطفى طباطبائى | |
| 245 | 1 | 0 |
_aالمفكرون المسلمون فى مواجهة المنطق اليونانى: نقد علماء المسلمين لمنطق ارسطو وموازنتة بمنطق الفلاسفة الغربيين / _cمصطفى طباطبائى |
| 700 | 1 | _aعبدالرحيم ملازنى البلوشى | |
| 260 |
_a[S.N] : _bدار ابن حزم ، _c1990 |
||
| 300 | _a160 ص | ||
| 490 | _a | ||
| 650 | 0 | 4 | _aالفلسفة الاسلامية |
| 650 | 0 | 4 | _aالفلسفة |
| 650 | 0 | 4 | _aفلسفة ارسطو |
| 942 |
_2ddc _cBK |
||
| 999 |
_c35255 _d35255 |
||